[Event "Roncana op-A 13th"]
[Site "Santa Eulalia de Roncana"]
[Date "2019.11.30"]
[Round "8"]
[White "Erra Soler, Gerard"]
[Black "Centelles Vivas, Aleix"]
[Result "1/2-1/2"]
[WhiteElo "1765"]
[BlackElo "1943"]
[PlyCount "42"]
[EventDate "2019.09.28"]
[EventType "swiss"]
[EventRounds "8"]
[EventCountry "ESP"]
[SourceTitle "CBM 193 Extra"]
[Source "ChessBase"]
[SourceDate "2020.01.31"]
[SourceVersion "1"]
[SourceVersionDate "2020.01.31"]
[SourceQuality "1"]

1. e4 c5 2. Nf3 e6 3. d4 cxd4 4. Nxd4 Nf6 5. Nc3 Bb4 6. Bd3 Nc6 7. Nde2 d5 8. exd5 Nxd5 9. Bd2 Nxc3 10. Nxc3 0-0 11. a3 Be7 12. 0-0 e5 13. Re1 Be6 14. Bb5 Qc7 15. Be3 Rad8 16. Qe2 a6 17. Bd3 f5 18. f3 b5 19. Bf2 Bd6 20. h3 Na5 21. Qe3 Nc4 1/2-1/2

[Event "Roncana op-A 13th"]
[Site "Santa Eulalia de Roncana"]
[Date "2019.11.09"]
[Round "6"]
[White "Sanchez Aguilar, Arnau"]
[Black "Erra Soler, Gerard"]
[Result "0-1"]
[WhiteElo "1600"]
[BlackElo "1765"]
[PlyCount "116"]
[EventDate "2019.09.28"]
[EventType "swiss"]
[EventRounds "8"]
[EventCountry "ESP"]
[SourceTitle "CBM 193 Extra"]
[Source "ChessBase"]
[SourceDate "2020.01.31"]
[SourceVersion "1"]
[SourceVersionDate "2020.01.31"]
[SourceQuality "1"]

1. e4 e5 2. Nc3 Nc6 3. g3 Nf6 4. Bg2 Bc5 5. Nge2 a6 6. d3 d6 7. h3 Be6 8. Be3 Bxe3 9. fxe3 d5 10. d4 dxe4 11. Nxe4 Nxe4 12. Bxe4 Bd5 13. Bxd5 Qxd5 14. Rf1 exd4 15. Nxd4 0-0 16. Qd2 Nxd4 17. Qxd4 Qg2 18. 0-0-0 Qxh3 19. Rh1 Qe6 20. Kb1 Rfe8 21. Rd3 Qe4 22. Rh4 Qxd4 23. Rhxd4 Kf8 24. Kc1 Re7 25. Kd2 Rae8 26. Rh4 h6 27. Rc4 c6 28. Rb3 Rd7+ 29. Ke2 Re5 30. Rb6 Rb5 31. Rb4 Ke7 32. a4 Rxb4 33. Rxb4 Kd6 34. Rg4 g5 35. Rd4+ Ke6 36. Rxd7 Kxd7 37. e4 h5 38. a5 c5 39. Ke3 Kc6 40. c4 Kd6 41. b3 Ke5 42. Kd3 h4 43. Ke3 hxg3 44. Kf3 g2 45. Kxg2 Kxe4 46. b4 cxb4 47. c5 b3 48. c6 bxc6 49. Kh3 b2 50. Kg4 b1Q 51. Kh5 c5 52. Kh6 g4 53. Kh5 g3 54. Kh6 g2 55. Kg7 g1Q+ 56. Kf8 Qb8+ 57. Ke7 Qc7+ 58. Kf6 Qg6# 0-1

[Event "Barcelona Sant Marti op 21st"]
[Site "Barcelona"]
[Date "2019.07.16"]
[Round "4"]
[White "Erra Soler, Gerard"]
[Black "Marzo Pie, Xavier"]
[Result "0-1"]
[WhiteElo "1678"]
[BlackElo "2202"]
[PlyCount "86"]
[EventDate "2019.07.13"]
[EventType "swiss"]
[EventRounds "9"]
[EventCountry "ESP"]
[SourceTitle "EXT 2020"]
[Source "ChessBase"]
[SourceDate "2019.10.17"]
[SourceVersion "1"]
[SourceVersionDate "2019.10.17"]
[SourceQuality "1"]

1. e4 d6 2. Nf3 g6 3. Nc3 Bg7 4. Bc4 Nf6 5. 0-0 0-0 6. h3 c6 7. a4 d5 8. exd5 cxd5 9. Bb3 d4 10. Nb5 d3 11. cxd3 Nc6 12. Qe2 Bf5 13. Bc4 Nh5 14. Qe3 a6 15. Na3 Nf6 16. Nc2 Nd5 17. Qg5 h6 18. Qg3 Ncb4 19. Nfd4 Bc8 20. Ra3 e5 21. Nxb4 Nxb4 22. Nf3 Bf5 23. Nh4 Nc2 24. Nxf5 gxf5 25. Rc3 Nd4 26. Re1 b5 27. axb5 axb5 28. Bb3 Ra1 29. Bd1 Kh7 30. Kf1 f4 31. Qg4 f5 32. Qh5 b4 33. Rc4 Qd5 34. Bf3 e4 35. Bxe4 Qb5 36. Bf3 Nb3 37. Rc6 Qxd3+ 38. Be2 Qd5 39. Qg6+ Kh8 40. Rc7 Qe5 41. Bd3 Qxc7 42. Bxf5 Rxf5 43. Qxf5 Rxc1 0-1

[Event "Barcelona Sant Marti op 21st"]
[Site "Barcelona"]
[Date "2019.07.14"]
[Round "2"]
[White "Erra Soler, Gerard"]
[Black "Bohigas Santasusagna, Lluis"]
[Result "1/2-1/2"]
[WhiteElo "1678"]
[BlackElo "2026"]
[PlyCount "87"]
[EventDate "2019.07.13"]
[EventType "swiss"]
[EventRounds "9"]
[EventCountry "ESP"]
[SourceTitle "EXT 2020"]
[Source "ChessBase"]
[SourceDate "2019.10.17"]
[SourceVersion "1"]
[SourceVersionDate "2019.10.17"]
[SourceQuality "1"]

1. e4 d5 2. exd5 Nf6 3. d4 Bg4 4. Nf3 Qxd5 5. Be2 e6 6. Bf4 Bd6 7. Nc3 Qa5 8. Bxd6 cxd6 9. 0-0 0-0 10. Re1 Nc6 11. Nd2 Bxe2 12. Nxe2 Qb4 13. Nb3 a5 14. c3 Qb6 15. Qc2 a4 16. Nd2 d5 17. Rab1 Rfc8 18. Qd3 Na5 19. Nf4 Qc6 20. Rbc1 a3 21. b3 b5 22. Rc2 Rc7 23. f3 Rac8 24. Rec1 Qb6 25. Kh1 h6 26. h4 Nb7 27. c4 Qd6 28. g3 dxc4 29. bxc4 e5 30. dxe5 Qxe5 31. Qxa3 Nd6 32. Qc3 Qc5 33. Nb3 Qf5 34. c5 Nc4 35. Nd4 Qxc5 36. Nb3 Qf5 37. Qd3 Qxd3 38. Nxd3 Nd5 39. Nd4 Na3 40. Rxc7 Rxc7 41. Rxc7 Nxc7 42. Kg2 Nd5 43. Nc6 Kf8 44. Ncb4 1/2-1/2

[Event "Foment Martinenc op-A 21st"]
[Site "Barcelona"]
[Date "2019.06.15"]
[Round "8"]
[White "Diaz Carrasco, Sergio"]
[Black "Erra Soler, Gerard"]
[Result "1-0"]
[WhiteElo "2110"]
[BlackElo "1558"]
[PlyCount "49"]
[EventDate "2019.04.27"]
[EventType "swiss"]
[EventRounds "9"]
[EventCountry "ESP"]
[SourceTitle "EXT 2020"]
[Source "ChessBase"]
[SourceDate "2019.10.17"]
[SourceVersion "1"]
[SourceVersionDate "2019.10.17"]
[SourceQuality "1"]

1. e4 e5 2. Nf3 Nc6 3. d4 exd4 4. Nxd4 Bc5 5. Be3 Qf6 6. c3 Nge7 7. f4 d6 8. g3 a5 9. Bg2 Bd7 10. Qd3 Ng6 11. Nd2 h5 12. N2b3 a4 13. Nxc5 dxc5 14. Nxc6 Qxc6 15. 0-0 Rd8 16. Qc2 Qb5 17. c4 Qb4 18. Bd2 Qb6 19. Bc3 0-0 20. f5 Ne7 21. f6 Ng6 22. fxg7 Rfe8 23. Qc1 Qe6 24. Qh6 h4 25. Qh8+ 1-0

[Event "Foment Martinenc op-A 21st"]
[Site "Barcelona"]
[Date "2019.04.27"]
[Round "1"]
[White "Erra Soler, Gerard"]
[Black "Ros Montes, Daniel"]
[Result "1-0"]
[WhiteElo "1558"]
[BlackElo "1904"]
[PlyCount "137"]
[EventDate "2019.04.27"]
[EventType "swiss"]
[EventRounds "9"]
[EventCountry "ESP"]
[SourceTitle "EXT 2020"]
[Source "ChessBase"]
[SourceDate "2019.10.17"]
[SourceVersion "1"]
[SourceVersionDate "2019.10.17"]
[SourceQuality "1"]

1. e4 e6 2. d4 d5 3. Nd2 Nf6 4. e5 Nfd7 5. Ngf3 c5 6. c3 Nc6 7. Be2 Qb6 8. Nb3 cxd4 9. cxd4 a5 10. Qd3 Be7 11. 0-0 a4 12. Nbd2 f6 13. Qb5 Nxd4 14. Nxd4 Qxd4 15. Nf3 Qb4 16. exf6 gxf6 17. Qd3 Nc5 18. Qe3 Qe4 19. Qd2 Rg8 20. Re1 Bd7 21. Qh6 Qg6 22. Qxg6+ Rxg6 23. Bf4 e5 24. Bg3 Kf8 25. Rac1 a3 26. b3 Rc8 27. Bxe5 fxe5 28. Nxe5 Rd6 29. Nxd7+ Rxd7 30. b4 Rdd8 31. bxc5 Bxc5 32. Bd3 Kg7 33. Rc2 Rf8 34. Ree2 Rf4 35. g3 Rd4 36. Bb5 Rc7 37. Kg2 Kf6 38. Be8 Re7 39. Bh5 Rxe2 40. Bxe2 Bd6 41. Kf3 Rb4 42. Bd1 Rb2 43. Ke3 b6 44. Kd4 Bc5+ 45. Kxd5 Bxf2 46. Rc6+ Kg5 47. Bb3 Bc5 48. h4+ Kg4 49. Kc4 h5 50. Rg6+ Kf5 51. Rg5+ Ke4 52. Rxh5 b5+ 53. Kc3 b4+ 54. Kc4 Bd6 55. Rg5 Rg2 56. h5 Bxg3 57. h6 Kf4 58. Rh5 Be1 59. h7 Bc3 60. h8Q Bxh8 61. Rxh8 Ke5 62. Kxb4 Kd6 63. Kxa3 Rg4 64. Kb2 Kc5 65. Rh5+ Kb6 66. a4 Rg6 67. Kc3 Rg3+ 68. Kb4 Rg4+ 69. Bc4 1-0